JJ's Top 500 Songs - Statistics

General Stats
  • This quiz has been taken 35 times
  • The average score is 176 of 500
Answer Stats
Hint Answer % Correct
Hey Jude | Twist And Shout The Beatles
100%
Are We The Waiting | Basket Case | Blood, Sex and Booze | +3 others Green Day
96%
Gangsta's Paradise Coolio
93%
Heroes | Modern Love | Moonage Daydream | Young Americans David Bowie
93%
Pour Some Sugar On Me | Women Def Leppard
93%
Cloudbusting | Hounds of Love | Oh To Be In Love | Running Up That Hill (A Deal With God) Kate Bush
93%
Crazy Crazy Nights | God Gave Rock 'N' Roll To You | I Was Made For Lovin' You Kiss
93%
When Doves Cry Prince
93%
Bohemian Rhapsody Queen
93%
Seven Nation Army The White Stripes
93%
Wild Wild West Will Smith
93%
Fortunate Son | I Heard It Through The Grapevine Creedence Clearwater Revival
89%
Sweet Child O' Mine Guns N' Roses
89%
Beautiful Girl | By My Side | Devil Inside | +5 others INXS
89%
Don't Stop Believin' | Faithfully Journey
89%
Creep Radiohead
89%
Dreams | Zombie The Cranberries
89%
I Walk The Line Johnny Cash
86%
Hey Ya! Outkast
86%
Because The Night | Dancing Barefoot | White Rabbit Patti Smith
86%
In The Air Tonight Phil Collins
86%
Psycho Killer | Sugar On My Tongue | Take Me To The River Talking Heads
86%
Disintegration | Friday I'm In Love The Cure
86%
California Dreamin' The Mamas & The Papas
86%
Baba O'Riley The Who
86%
Dirty Deeds Done Dirt Cheap ACDC
82%
Dream On | Janie's Got A Gun Aerosmith
82%
Don't Fear The Reaper Blue Oyster Cult
82%
You're So Vain Carly Simon
82%
Enjoy The Silence | One Caress | Personal Jesus Depeche Mode
82%
Take Me To The Pilot Elton John
82%
Light My Love Greta Van Fleet
82%
Bette Davis Eyes Kim Carnes
82%
99 Red Balloons Nena
82%
Can't Stop | Dani California Red Hot Chili Peppers
82%
Andy, You're A Star | Mr. Brightside The Killers
82%
My Sharona The Knack
82%
Start Me Up The Rolling Stones
82%
Brown Eyed Girl Van Morrison
82%
Immigrant Song Led Zeppelin
79%
Come As You Are | Drain You | Dumb | Something In The Way Nirvana
79%
Smooth Operator Sade
79%
Across The Lines | Fast Car | Talkin' Bout A Revolution Tracy Chapman
79%
As Long As You Follow | Emerald Eyes | Family Man | +5 others Fleetwood Mac
75%
Just Like A Dream Lykke Li
75%
My Girl The Temptations
75%
She's Always A Woman Billy Joel
71%
For What It's Worth Buffalo Springfield
71%
Hip To Be Square Huey Lewis & The News
71%
Coney Island Baby | Perfect Day | Satellite Of Love | Walk On The Wild Side Lou Reed
71%
Age of Consent | Blue Monday New Order
71%
Waterloo Sunset The Kinks
71%
Eyes Without A Face Billy Idol
68%
I'm On Fire Bruce Springsteen
68%
Come On Eileen Dexys Midnight Runners
68%
Mr. Blue Sky Electric Light Orchestra
68%
Piece of My Heart Janis Joplin
68%
Atmosphere | She's Lost Control Joy Division
68%
Kids In America | You Keep Me Hanging On Kim Wilde
68%
Cast No Shadow | Don't Look Back In Anger | Some Might Say Oasis
68%
Killing In The Name Rage Against The Machine
68%
The Look Roxette
68%
Alive And Kicking | Don't You (Forget About Me) Simple Minds
68%
Don't You Want Me | The Lebanon The Human League
68%
Proud Mary Tina Turner
68%
True Romance Tove Lo
68%
Andante, Andante | Slipping Through My Fingers | Super Trouper ABBA
64%
A Horse With No Name America
64%
Heaven Is A Place On Earth Belinda Carlisle
64%
Ordinary World Duran Duran
64%
Just Lose It | Without Me Eminem
64%
Alone | Wait For An Answer Heart
64%
Edge of Seventeen Stevie Nicks
64%
Parklife Blur
61%
Don't Dream It's Over Crowded House
61%
Spooky | The Windmills Of Your Mind Dusty Springfield
61%
Fantasy Mariah Carey
61%
Pet Sematary Ramones
61%
More Than A Woman Bee Gees
57%
Pumped Up Kicks Foster The People
57%
Closer | The Hand That Feeds Nine Inch Nails
57%
Monkey Gone To Heaven | Where Is My Mind? Pixies
57%
For You Rae Morris
57%
#9 Dream | Nightswimming R.E.M.
57%
Living Dead Girl Rob Zombie
57%
Doin' Time | Garden Grove | Santeria | Wrong Way Sublime
57%
Big In Japan | Forever Young Alphaville
54%
Son Of A Preacher Man | Think Aretha Franklin
54%
Lay, Lady, Lay Bob Dylan
54%
DISCO Nessa Barrett, Tommy Genesis
54%
18 Wheeler Pink
54%
Crimson and Clover Tommy James & The Shondells
54%
A Little Respect Erasure
50%
I'd Rather Go Blind Etta James
50%
Laid James
50%
Not Like Us | The Blacker The Berry | United In Grief Kendrick Lamar
50%
Toy Soldiers Martika
50%
Pretty Vacant Sex Pistols
50%
Take The Long Way Home Supertramp
50%
She's Not There The Zombies
50%
Teenage Dirtbag Wheatus
50%
I'm Not In Love 10cc
46%
Blue | Chihiro | Happier Than Ever Billie Eilish
46%
Hooked On A Feeling Blue Swede
46%
I Love You Always Forever Donna Lewis
46%
Bitch Meredith Brooks
46%
Common People Pulp
46%
Why Don't You Get A Job The Offspring
46%
Add It Up | Blister in the Sun Violent Femmes
46%
Early Winter | What You Waiting For? Gwen Stefani
43%
Somebody To Love Jefferson Airplane
43%
She Sells Sanctuary The Cult
43%
After Hours | D.D. | Devil May Cry The Weeknd
43%
Tears Dry On Their Own | You Know I'm No Good Amy Winehouse
39%
From The Ritz To The Rubble Arctic Monkeys
39%
Smalltown Boy Bronski Beat
39%
Fooled Around And Fell In Love Elvin Bishop
39%
Behind Blue Eyes Limp Bizkit
39%
Kids MGMT
39%
Mutter | Sonne Rammstein
39%
You've Really Got A Hold On Me Smokey Robinson & The Miracles
39%
Lump The Presidents Of The United States Of America
39%
We Can't Be Friends Ariana Grande
36%
Ramona Beck
36%
Lithonia | Redbone Childish Gambino
36%
Walk on By Dionne Warwick
36%
X Gon' Give It To Ya DMX
36%
Epic Faith No More
36%
The Show Frankie
36%
19-2000 Gorillaz
36%
Praying | Something To Believe In | Woman Kesha
36%
Pocketful of Sunshine Natasha Bedingfield
36%
Feeling Good Nina Simone
36%
Come And Get Your Love Redbone
36%
Dancing On My Own | With Every Heartbeat Robyn
36%
All The Things She Said t.A.T.u
36%
Asleep The Smiths
36%
Oh! Sweet Nuthin' The Velvet Underground
36%
Moonlight Allman Brown
32%
Nightshift Commodores
32%
Mary On A Cross Ghost
32%
Leaving on a Jet Plane Peter, Paul and Mary
32%
Major Tom (Coming Home) Peter Schilling
32%
Steady, As She Goes The Raconteurs
32%
Hold On Wilson Phillips
32%
Everything Now | Put Your Money On Me Arcade Fire
29%
Scooby Snacks | The Fun Lovin' Criminal Fun Lovin' Criminals
29%
Self Control Laura Branigan
29%
Fade Into You Mazzy Star
29%
Eye The Smashing Pumpkins
29%
Working My Way Back To You The Spinners
29%
Impacilla Carpisung | That's Not My Name The Ting Tings
29%
Dancing In The Moonlight Toploader
29%
Big Jet Plane Angus & Julia Stone
25%
Calling Occupants of Interplanetary Craft Carpenters
25%
You Never Can Tell Chuck Berry
25%
The Power Of Love Frankie Goes To Hollywood
25%
Southern Nights Glen Campbell
25%
Did You Know That There's A Tunnel Under Ocean Boulevard? | Paris, Texas | Salvatore | +2 others Lana Del Rey
25%
Enola Gay | If You Leave Orchestral Manoeuvres In The Dark
25%
Harder Than You Think Public Enemy
25%
Fourth of July Sufjan Stevens
25%
I THINK Tyler, The Creator
25%
Don't Break My Heart UB40
25%
Down blink-182
21%
Doll Parts Hole
21%
Pretend We're Dead L7
21%
Just Fine Mary J. Blige
21%
Inertia Creeps | Teardrop Massive Attack
21%
Decode Paramore
21%
Burn The Witch Queens of the Stone Age
21%
Cosmic Dancer T. Rex
21%
Dear God XTC
21%
Wishing (If I Had A Photograph Of You) A Flock Of Seagulls
18%
Try Sleeping With A Broken Heart Alicia Keys
18%
Mulder & Scully | Road Rage Catatonia
18%
Femininomenon | My Kink Is Karma Chappell Roan
18%
Cherry-coloured Funk Cocteau Twins
18%
Zealots Fugees
18%
The Sweet Escape Gwen Stefani, Akon
18%
Cupid's Chokehold / Breakfast In America Gym Class Heroes
18%
Crockett's Theme Jan Hammer
18%
Bad Girls M.I.A.
18%
Where Did Our Love Go? Soft Cell
18%
Valerie Amy Winehouse, Mark Ronson
14%
212 Azealia Banks
14%
Rich Girl Daryl Hall & John Oates
14%
Daffodil | Dream Girl Evil | Free | +3 others Florence & The Machine
14%
Be A Body | Belly of The Beat | Butterfly | +5 others Grimes
14%
Life In Tokyo Japan
14%
Current Affairs | No Better | Perfect Places | +2 others Lorde
14%
Midnight City | My Tears Are Becoming A Sea | Wait M83
14%
Oscar Winning Tears Raye
14%
The Passenger | The Wheel's On Fire Siouxsie and the Banshees
14%
Eventually | Past Life Tame Impala
14%
Young At Heart The Bluebells
14%
April Skies | Psychocandy | War On Peace The Jesus and Mary Chain
14%
The Ghost In You The Psychedelic Furs
14%
Apollo 9 Adam Ant
11%
Blue Sky & The Painter | Of The Night Bastille
11%
Fire Water Burn Bloodhound Gang
11%
360 Charli XCX
11%
Heavenly | Nothing's Gonna Hurt You Baby | Starry Eyes Cigarettes After Sex
11%
Boss Bitch Doja Cat
11%
O Children Nick Cave & The Bad Seeds
11%
The Riverboat Song Ocean Colour Scene
11%
Sandcastle Disco Solange
11%
Fever The Black Keys
11%
Human Fly The Cramps
11%
O-o-h Child The Five Stairsteps
11%
Pablo Picasso The Modern Lovers
11%
Breezeblocks alt-J
7%
This Is The Life Amy Macdonald
7%
Don't Take The Money | I Wanna Get Better | Modern Girls Bleachers
7%
All Eyes On Me Bo Burnham
7%
10,000 Emerald Pools | Clouds Borns
7%
Afterglow Chvrches
7%
Euro-Country CMAT
7%
Come Over (Again) Crawlers
7%
Everybody Laughs David Byrne
7%
Brazil Declan McKenna
7%
Runaway Electric Youth
7%
Amphetamine | Normal Like You Everclear
7%
Real Love Baby Father John Misty
7%
Perfectly FKA Twigs
7%
White Winter Hymnal Fleet Foxes
7%
At The Beach, In Every Life Gigi Perez
7%
A Tear In Space | Cane Shuga | Mama's Gun Glass Animals
7%
A&E | Dreaming Goldfrapp
7%
Ways To Go Grouplove
7%
Lonely Is The Muse Halsey
7%
Folded Kehlani
7%
Acapella Kelis
7%
It's Been a Long, Long Time Kitty Kallen
7%
Non Believer | Oh Woman Oh Man | Strong | When We Were Young London Grammar
7%
Suicide Is Painless Manic Street Preachers
7%
Wide Open Space Mansun
7%
You Mean Everything To Me Neil Sedaka
7%
Parking Lot Nelly Furtado
7%
Shooting The Moon OK Go
7%
Good Life OneRepublic
7%
In The Morning Razorlight
7%
Send Me On My Way Rusted Root
7%
Me and the Devil Soap&Skin
7%
Electric Baby Solomon Grey
7%
Devil I Know | Moves Suki Waterhouse
7%
Something 4 The Weekend Super Furry Animals
7%
In The Morning The Coral
7%
Hearing Damage Thom Yorke
7%
Blush | Silk Wolf Alice
7%
Teardrops Womack & Womack
7%
Nobody's Diary Yazoo
7%
Dreams Tonite Alvvays
4%
Moonrise Kingdom Angel Haze
4%
Happy Ashanti
4%
Nothing To Lose But Your Head Augustines
4%
The Seed Aurora
4%
Marilyn Bat For Lashes
4%
Freedom Beyonce, Kendrick Lamar
4%
Salad Blondshell
4%
Can We Go Inside Now | Champagne Coast Blood Orange
4%
Mother & Father Broods
4%
Soundcheck Catfish & The Bottlemen
4%
Kaltes Klares Wasser | We Don't Play Guitars Chicks On Speed
4%
Flowery Days | People, I've Been Sad Christine and the Queens
4%
Fuzz Computer Magic
4%
Thirteen Thirty Dillon
4%
Bassline Junkie Dizzee Rascal
4%
On and On Djo
4%
An End Has A Start | Formaldehyde | No Sound But The Wind Editors
4%
Home Edward Sharpe & The Magnetic Zeros
4%
Sour Switchblade Elita
4%
Hapsburg Lipp | No Reptiles Everything Everything
4%
(Feels Like) Heaven Fiction Factory
4%
Take Me Away Gabrielle Aplin
4%
Tugboat Galaxie 500
4%
Mable Goldfinger
4%
Top Gun Anthem Harold Faltermeyer
4%
What Once Was Her's
4%
Yosemite (Song For the Ahwahnechee) Iniko
4%
96 F**kries Jme
4%
Feet Don't Fail Me Now Joy Crookes
4%
Concrete Schoolyard Jurassic 5
4%
Everything I Live For La Roux
4%
The Leanover Life Without Buildings
4%
They All Want You Lissie
4%
Free Little Simz
4%
Nuit Noire | Swimming Pool Marie Madeleine
4%
Using You Mars Argo
4%
Therese Maya Hawke
4%
Black Sheep Metric
4%
All It Ever Was Miami Horror
4%
Place For Us | Who Are You, Really? Mikky Ekko
4%
Hayloft II | Verbatim Mother Mother
4%
Song 4 Mutya (Out Of Control) Mutya Buena
4%
Alabama | Old Friends Night Moves
4%
Take Warning Operation Ivy
4%
Call For Help Pearly Drops
4%
Baby Love | The Way I Want Petite Meller
4%
Barking Dog | Destroyer | You're Mine Phantogram
4%
Free To Live In Colour Pixey
4%
Welcome Home, Son Radical Face
4%
Berlin RY X
4%
Shooting Arrows At The Sky Santigold
4%
The Struggle Scroobius Pip
4%
Matadora Sofi Tukker
4%
Lost It To Trying Son Lux
4%
Panama Sports
4%
Dark Days | Open Your Eyes | While I'm Alive STRFKR
4%
Die Young Sylvan Esso
4%
The Edge of Forever The Dream Academy
4%
From Now On The Features
4%
Jazz On The Autobahn The Felice Brothers
4%
Lean The National
4%
Another Girl, Another Planet The Only Ones
4%
Strange Things Will Happen | Swedish Guns The Radio Dept
4%
Sprinter TORRES
4%
Amour Plastique | Enfance 80 Videoclub
4%
Alien Blues Vundabar
4%
Nothing Really Matters V V Brown
4%
Wearing My Rolex Wiley
4%
Let's Get Lost Bat For Lashes, Beck
0%
Becky Be Your Own Pet
0%
Done All Wrong Black Rebel Motorcycle Club
0%
Rollercoaster Bleachers, Charli XCX
0%
Chewing Gum Blood Orange, A$AP Rocky, Project Pat
0%
Bonnie And Clyde Brigitte Bardot, Serge Gainsbourg
0%
Violent carolesdaughter
0%
Girl, so confusing Charli XCX, Lorde
0%
A Real Hero College, Electric Youth
0%
Love Will Tear Us Apart Elektrik People
0%
A Pill To Crush Evalyn
0%
Jersey Giant Evan Honer, Julia DiGrazia
0%
Feel Like Home Fousheé
0%
Like A Dream Francis and the Lights
0%
Nightcall Kavinsky
0%
Margaret Lana Del Rey, Bleachers
0%
6 Foot, 7 Foot Lil Wayne, Cory Gunz
0%
Coca Cola Little Red
0%
After Dark Mr. Kitty
0%
Bubblegum Mystery Jets
0%
A Minha Menina Os Mutantes
0%
Ride It Regard
0%
The Violet Hour Sea Wolf
0%
B a noBody SOAK
0%
Meltdown Stromae, Lorde, Pusha T, Q-TIP, HAIM
0%
Change of Seasons Sweet Thing
0%
Oblivion The Indians
0%
No Mercy, Only Violence The Library
0%
Nine2Five The Ordinary Boys, Lady Sovereign
0%
Venus In Furs The Velvet Underground, Nico
0%
No matching quizzes found
Score Distribution
Percent of People with Each Score
Percentile by Number Answered
Your Score History
You have not taken this quiz